000 01786npm a2200289 i 4500
001 5226
003 ES-MaACL
005 20251012205634.0
007 hzrazu bucu
008 900425r19901782sp a 00010 spa d
080 _a9(46)"13"(00)
100 1 _aDíez de Games, Gutierre.
_944703
245 1 0 _aCronica de Don Pedro Niño, Conde de Buelna
_b: [Microforma] /
_cpor Gutierre Diez de Games ; la publica Eugenio LLaguno Amirola.
260 _aMadrid :
_bAteneo Cientifico, Literario y Artistico,
_c1990.
300 _a1 carrete de microfilme :
_bnegativo ;
_c16 mm.
490 1 _aCrónicas de los Reyes de Castilla
500 _aPublicado originalmente: Madrid, Imp. de Antonio Sancha, 1782. Encuadernado con: 1) Historia del Gran Tamorlan, e itinerario y enarraccion del viage, y relacion de la embajada / que Ruy Gonzalez del Clavijo le hizo por mandado del rey Don Henrique el Tercero de Castilla ; y un breve discurso fecho por Gonzalo Argote de Molina... 2a. imp. a que se ha añadido la vida del Gran Tamorlan sacada de los comentarios que escribio Garcia de Silva y Figueroa. 2) Sumario de los reyes de España / por el despensero mayor de la reyna Doña Leonor... con las alteraciones y adiciones que posteriormente le hizo un anonimo ; publicado por Eugenio de LLaguno Amirola. Madrid, 1781 (Antonio Sancha)
650 4 _aObras anteriores a 1800.
_915661
700 1 _aLlaguno y Amírola, Eugenio,
_d1724-1799
_972661
700 1 _aGonzález de Clavijo, Ruy,
_d-1412
_958539
700 1 _aArgote de Molina, Gonzalo,
_d1549-1596
_922705
700 1 _aSilva y Figueroa, García de,
_d1550-1624
_9106411
830 1 0 _aCrónicas de los reyes de Castilla
_9177248
852 4 _aES-MaACL
_jMC-49
_95343
942 _2udc
_cMICROFORMA
999 _c5226
_d5226